<?xml version="1.0" encoding="UTF-8"?>
<record
    xmlns:xsi="http://www.w3.org/2001/XMLSchema-instance"
    xsi:schemaLocation="http://www.loc.gov/MARC21/slim http://www.loc.gov/standards/marcxml/schema/MARC21slim.xsd"
    xmlns="http://www.loc.gov/MARC21/slim">

  <leader>00867nam a22002657a 4500</leader>
  <datafield tag="952" ind1=" " ind2=" ">
    <subfield code="a">0001</subfield>
    <subfield code="b">0001</subfield>
    <subfield code="d">2019-07-05</subfield>
    <subfield code="l">0</subfield>
    <subfield code="o">956.1036 &#x15E;35y 2011</subfield>
    <subfield code="p">019254</subfield>
    <subfield code="r">2019-07-05 00:00:00</subfield>
    <subfield code="w">2019-07-05</subfield>
    <subfield code="y">BKS</subfield>
  </datafield>
  <datafield tag="999" ind1=" " ind2=" ">
    <subfield code="c">13386</subfield>
    <subfield code="d">13386</subfield>
  </datafield>
  <controlfield tag="003">MIRAKIL</controlfield>
  <controlfield tag="005">20190705122830.0</controlfield>
  <controlfield tag="008">190705b        tu ||||| |||| 00| 0 tur d</controlfield>
  <datafield tag="020" ind1=" " ind2=" ">
    <subfield code="a">9786055799175</subfield>
  </datafield>
  <datafield tag="040" ind1=" " ind2=" ">
    <subfield code="a">TR-AnCHP</subfield>
    <subfield code="c">TR-AnCHP</subfield>
  </datafield>
  <datafield tag="041" ind1=" " ind2=" ">
    <subfield code="a">tur</subfield>
  </datafield>
  <datafield tag="082" ind1=" " ind2=" ">
    <subfield code="a">956.1036</subfield>
    <subfield code="b">&#x15E;35y 2011</subfield>
  </datafield>
  <datafield tag="100" ind1="1" ind2=" ">
    <subfield code="a">&#x15E;en, Erdal,</subfield>
    <subfield code="d">1973-</subfield>
  </datafield>
  <datafield tag="245" ind1="0" ind2="0">
    <subfield code="a">Yass&#x131;ada'n&#x131;n sessiz tan&#x131;klar&#x131; /</subfield>
    <subfield code="c">Erdal &#x15E;en.</subfield>
  </datafield>
  <datafield tag="250" ind1=" " ind2=" ">
    <subfield code="a">10. bs.</subfield>
  </datafield>
  <datafield tag="260" ind1=" " ind2=" ">
    <subfield code="a">&#x130;stanbul :</subfield>
    <subfield code="b">Zaman Kitap,</subfield>
    <subfield code="c">2011.</subfield>
  </datafield>
  <datafield tag="300" ind1=" " ind2=" ">
    <subfield code="a">419 s. :</subfield>
    <subfield code="b">fotg. ;</subfield>
    <subfield code="c">21 sm.</subfield>
  </datafield>
  <datafield tag="490" ind1="1" ind2=" ">
    <subfield code="a">Zaman Kitap.</subfield>
    <subfield code="a">R&#xF6;portaj ;</subfield>
    <subfield code="v">yay&#x131;n no.:109.</subfield>
    <subfield code="v">4.</subfield>
  </datafield>
  <datafield tag="600" ind1="1" ind2="0">
    <subfield code="a">Menderes, Adnan,</subfield>
    <subfield code="d">1899-1961</subfield>
    <subfield code="x">ya&#x15F;am&#xF6;yk&#xFC;s&#xFC;</subfield>
  </datafield>
  <datafield tag="600" ind1=" " ind2="0">
    <subfield code="a">Menderes, Adnan</subfield>
    <subfield code="d">1899-1961</subfield>
    <subfield code="x">Davalar</subfield>
    <subfield code="9">5866</subfield>
  </datafield>
  <datafield tag="650" ind1=" " ind2="0">
    <subfield code="a">siyasi tarih</subfield>
    <subfield code="x">T&#xFC;rkiye</subfield>
    <subfield code="y">1950-</subfield>
    <subfield code="9">5106</subfield>
  </datafield>
  <datafield tag="650" ind1=" " ind2="0">
    <subfield code="a">Darbeler</subfield>
    <subfield code="x">T&#xFC;rkiye</subfield>
    <subfield code="y">27 May&#x131;s1960</subfield>
    <subfield code="9">333</subfield>
  </datafield>
  <datafield tag="650" ind1=" " ind2="0">
    <subfield code="a">Davalar</subfield>
    <subfield code="x">Yass&#x131;ada davas&#x131;</subfield>
    <subfield code="z">T&#xFC;rkiye</subfield>
    <subfield code="9">334</subfield>
  </datafield>
  <datafield tag="942" ind1=" " ind2=" ">
    <subfield code="2">ddc</subfield>
    <subfield code="c">BKS</subfield>
  </datafield>
</record>
